000 00763nam a2200205Ia 4500
001 15442
003 GE_BSU
008 181216s||||||||xx |||||||||||||| ||und||
040 _cGE_BSU
080 _a821.353.1-11
100 _aჩარკვიანი,ჯანსუღ
245 _aმირზა გელოვანი. კოლხეთისაკენ, ბიჭებო!
245 _cრედ.მ.ჯაფარიძე. მხატვ. სპ.ცინცაძე
260 _aთბილისი
260 _bმერანი
260 _c1974
300 _a78გვ.1ფ.პორტრ.14სმ.
653 _aმირზა გელოვანი. კოლხეთისაკენ, ბიჭებო!
942 _cBK
999 _c48545
_d48545